[Event "Portugal Open 2020"]
[Site "Lisboa POR"]
[Date "2020.01.26"]
[Round "3.52"]
[White "Santos, Isabel P"]
[Black "Fernandes, João Pedro"]
[Result "0-1"]
[WhiteElo "1782"]
[BlackElo "2099"]
[WhiteFideId "1921681"]
[BlackFideId "1926624"]
[WhiteCountry "POR"]
[BlackCountry "POR"]
[PlyCount "38"]
[EventDate "2020.01.25"]

1. d4 Nf6 2. c4 c5 3. d5 e6 4. Nc3 exd5 5. cxd5 d6 6. e4 g6 7. f4 Bg7 8. Nf3 O-O
9. Bd3 Re8 10. O-O Bg4 11. Qb3 Bxf3 12. Rxf3 Na6 13. a3 Ng4 14. g3 c4 15. Qxc4
f5 16. exf5 Re1+ 17. Kg2 Qb6 18. fxg6 Qg1+ 19. Kh3 h5 0-1

[Event "Portugal Open 2020"]
[Site "Lisboa POR"]
[Date "2020.01.26"]
[Round "3.53"]
[White "Chennaoui, Yasin"]
[Black "Rafael, Manuel"]
[Result "1/2-1/2"]
[WhiteElo "2093"]
[BlackElo "1727"]
[WhiteFideId "1330667"]
[BlackFideId "1921533"]
[WhiteCountry "SUI"]
[BlackCountry "POR"]
[PlyCount "114"]
[EventDate "2020.01.25"]

1. d4 d5 2. c4 c6 3. Nf3 Nf6 4. Nc3 dxc4 5. a4 Bf5 6. e3 Nbd7 7. Bxc4 e6 8. O-O
h6 9. Re1 Bb4 10. Qb3 Qa5 11. Bd2 O-O 12. e4 Bh7 13. Rad1 Nb6 14. Ne5 Bxc3 15.
bxc3 Qxa4 16. Bxe6 fxe6 17. Qxe6+ Kh8 18. Nf7+ Rxf7 19. Qxf7 Nxe4 20. Qxb7 Qc2
21. Rf1 Nxc3 22. Bxc3 Qxc3 23. Ra1 Qxd4 24. Rxa7 Rxa7 25. Qb8+ Nc8 26. Qxc8+ Bg8
27. Qxc6 Ra2 28. Qe8 Qd2 29. h4 Qc2 30. Qe3 Qb2 31. Kh2 Ra1 32. Rxa1 Qxa1 33. g4
Qf6 34. g5 Qd6+ 35. f4 h5 36. Kg3 Qe6 37. Qf3 Bf7 38. f5 Qe5+ 39. Kh3 g6 40.
Qa8+ Kg7 41. f6+ Kh7 42. Qf8 Be6+ 43. Kg2 Qe2+ 44. Kg3 Qe3+ 45. Kg2 Bd5+ 46. Kf1
Qf3+ 47. Ke1 Qe3+ 48. Kf1 Bc4+ 49. Kg2 Qe2+ 50. Kg3 Qg4+ 51. Kf2 Qxh4+ 52. Kf3
Bd5+ 53. Ke3 Qe4+ 54. Kd2 Qd4+ 55. Ke2 Bc4+ 56. Kf3 Qg4+ 57. Ke3 Qe6+ 1/2-1/2

[Event "Portugal Open 2020"]
[Site "Lisboa POR"]
[Date "2020.01.26"]
[Round "3.54"]
[White "Chávez Dulce, Angie"]
[Black "Fernandes, Alberto"]
[Result "0-1"]
[WhiteElo "1771"]
[BlackElo "2092"]
[WhiteFideId "4407059"]
[BlackFideId "1900277"]
[BlackTitle "NM"]
[WhiteCountry "COL"]
[BlackCountry "POR"]
[PlyCount "84"]
[EventDate "2020.01.25"]

1. e4 e5 2. Nf3 Nc6 3. Bc4 Bc5 4. c3 Nf6 5. d3 h6 6. O-O d6 7. h3 O-O 8. Be3 Bb6
9. Nbd2 Ne7 10. Re1 Ng6 11. Nf1 c6 12. Ng3 Be6 13. Bb3 Bxe3 14. fxe3 d5 15. exd5
Nxd5 16. Bc2 Nde7 17. d4 Qc7 18. Ne4 b6 19. Qe2 f5 20. Ned2 e4 21. Nh2 Rf6 22.
Rf1 Raf8 23. Qe1 a5 24. h4 R8f7 25. Bd1 Nf8 26. h5 Nh7 27. a4 Ng5 28. Bc2 g6 29.
Qh4 gxh5 30. Qxh5 Qg3 31. Rae1 Rg7 32. Qe2 Nd5 33. c4 Nxe3 34. Nxe4 Nxe4 35.
Bxe4 fxe4 36. Rxf6 Nxg2 37. Qf2 Qg5 38. Rf8+ Kh7 39. Qf6 Nxe1+ 40. Qxg5 Rxg5+
41. Kf1 Nc2 42. Rb8 Bh3+ 0-1

[Event "Portugal Open 2020"]
[Site "Lisboa POR"]
[Date "2020.01.26"]
[Round "3.55"]
[White "Aguiar, Carlos"]
[Black "Fidalgo, Daniel"]
[Result "0-1"]
[WhiteElo "1764"]
[BlackElo "2076"]
[WhiteFideId "1902571"]
[BlackFideId "1934279"]
[WhiteCountry "POR"]
[BlackCountry "POR"]
[PlyCount "54"]
[EventDate "2020.01.25"]

1. d4 Nf6 2. Nf3 g6 3. g3 Bg7 4. Bg2 O-O 5. c4 d5 6. cxd5 Nxd5 7. O-O Nb6 8. Nc3
Nc6 9. e3 e5 10. dxe5 Nxe5 11. Nxe5 Bxe5 12. e4 Be6 13. Bh6 Re8 14. Qxd8 Raxd8
15. Rac1 c6 16. b3 f6 17. Be3 Rd3 18. Ne2 g5 19. Rfd1 Red8 20. Rxd3 Rxd3 21. Bf1
Bg4 22. Kg2 Rd8 23. h3 Bh5 24. g4 Bg6 25. f3 Rd3 26. Kf2 h6 27. Ng1 Rxe3 0-1

[Event "Portugal Open 2020"]
[Site "Lisboa POR"]
[Date "2020.01.26"]
[Round "3.56"]
[White "Barreiros, Cilauro"]
[Black "Xu, Yang"]
[Result "0-1"]
[WhiteElo "1759"]
[BlackElo "2047"]
[WhiteFideId "1907018"]
[BlackFideId "8624780"]
[WhiteCountry "POR"]
[BlackCountry "CHN"]
[PlyCount "70"]
[EventDate "2020.01.25"]

1. e4 c6 2. d4 d5 3. Nc3 dxe4 4. Nxe4 Nf6 5. Nxf6+ gxf6 6. Bc4 Bf5 7. Ne2 e6 8.
Bf4 Bd6 9. Bxd6 Qxd6 10. c3 Nd7 11. Ng3 Bg6 12. Qf3 f5 13. O-O-O Nf6 14. Rde1
O-O-O 15. Re5 Nd7 16. Ra5 Kb8 17. h4 h5 18. Re1 Ka8 19. Bb3 Qc7 20. Ra3 c5 21.
dxc5 Ne5 22. Rxe5 Qxe5 23. Ne2 Qxc5 24. Qe3 Qxe3+ 25. fxe3 Rd3 26. Nd4 Rxe3 27.
Nf3 Re2 28. g3 Rd8 29. Bd1 Rg2 30. Ra4 Rxg3 31. Rd4 Rxd4 32. Nxd4 e5 33. Nb5 e4
34. Be2 f4 35. Nc7+ Kb8 0-1

[Event "Portugal Open 2020"]
[Site "Lisboa POR"]
[Date "2020.01.26"]
[Round "3.57"]
[White "Sismeiro, Miguel"]
[Black "Alves, Fernando"]
[Result "1-0"]
[WhiteElo "2026"]
[BlackElo "1702"]
[WhiteFideId "1950975"]
[BlackFideId "1905678"]
[WhiteCountry "POR"]
[BlackCountry "POR"]
[PlyCount "49"]
[EventDate "2020.01.25"]

1. e4 e5 2. Nf3 Nc6 3. Bb5 Nd4 4. Nxd4 exd4 5. Bc4 c6 6. O-O d6 7. c3 dxc3 8.
Nxc3 Be6 9. Bxe6 fxe6 10. d4 Be7 11. Qg4 Qc8 12. Qxg7 Bf6 13. Qg3 Qc7 14. Bf4 e5
15. dxe5 dxe5 16. Be3 Ne7 17. Rad1 Ng6 18. Qg4 Nf8 19. Rd2 Qf7 20. Rfd1 Rg8 21.
Qh3 b6 22. Rd6 Rd8 23. Qf5 Rg6 24. Rxd8+ Bxd8 25. Rxd8+ 1-0

[Event "Portugal Open 2020"]
[Site "Lisboa POR"]
[Date "2020.01.26"]
[Round "3.58"]
[White "Guerreiro, Paulo"]
[Black "Maloberti, David"]
[Result "0-1"]
[WhiteElo "1757"]
[BlackElo "2017"]
[WhiteFideId "1902105"]
[BlackFideId "620149"]
[WhiteCountry "POR"]
[BlackCountry "FRA"]
[PlyCount "51"]
[EventDate "2020.01.25"]

1. d4 Nf6 2. c4 g6 3. Nc3 Bg7 4. e4 d6 5. f3 O-O 6. Be3 e5 7. d5 a5 8. Qd2 Na6
9. Bd3 Nd7 10. Nge2 Ndc5 11. Bc2 f5 12. exf5 gxf5 13. O-O Qh4 14. b3 f4 15. Bf2
Qh5 16. Ne4 Nxe4 17. Bxe4 Rf6 18. Kh1 Nc5 19. Nc3 Rh6 20. Bg1 Bf6 21. Rae1 Bh4
22. Re2 Bg3 23. h3 Kf7 24. Qc2 Bxh3 25. gxh3 Qxh3+ 26. Bh2 0-1

[Event "Portugal Open 2020"]
[Site "Lisboa POR"]
[Date "2020.01.26"]
[Round "3.59"]
[White "Cordeiro, João"]
[Black "Alves, Luís"]
[Result "1-0"]
[WhiteElo "2005"]
[BlackElo "1686"]
[WhiteFideId "1935291"]
[BlackFideId "1903110"]
[WhiteCountry "POR"]
[BlackCountry "POR"]
[PlyCount "45"]
[EventDate "2020.01.25"]

1. e4 g6 2. d4 Bg7 3. Nc3 c5 4. Nge2 cxd4 5. Nxd4 Nc6 6. Be3 d6 7. Qd2 Nf6 8. f3
Nxd4 9. Bxd4 O-O 10. Bc4 a6 11. Bb3 b5 12. Nd5 Nd7 13. Bxg7 Kxg7 14. h4 h5 15.
c3 Bb7 16. Ne3 Rc8 17. Nf5+ gxf5 18. Qg5+ Kh7 19. Qxf5+ Kg8 20. Qg5+ Kh8 21.
Qh6+ Kg8 22. Rh3 Nf6 23. Rg3+ 1-0

[Event "Portugal Open 2020"]
[Site "Lisboa POR"]
[Date "2020.01.26"]
[Round "3.60"]
[White "Montero Montero, Juan José"]
[Black "Casagrande, Federico"]
[Result "0-1"]
[WhiteElo "1744"]
[BlackElo "1999"]
[WhiteFideId "22202080"]
[BlackFideId "2827137"]
[WhiteTitle " "]
[WhiteCountry "ESP"]
[BlackCountry "ITA"]
[PlyCount "80"]
[EventDate "2020.01.25"]

1. e4 c6 2. Nf3 d5 3. exd5 cxd5 4. d4 g6 5. c3 Bg7 6. Be3 Nf6 7. h3 O-O 8. Be2
Nc6 9. Qc1 Re8 10. O-O Bd7 11. Ne5 Nxe5 12. dxe5 Ne4 13. Bd4 Qc7 14. f4 Ng3 15.
Rf2 Nxe2+ 16. Rxe2 Rec8 17. Qe3 b6 18. Nd2 Bf8 19. Qg3 a5 20. Rf2 e6 21. Nf3 b5
22. Nh4 b4 23. f5 exf5 24. Nxf5 bxc3 25. bxc3 Bxf5 26. Rxf5 Bg7 27. Rf2 Re8 28.
Re2 Ra6 29. Qd3 Rae6 30. Rae1 Bxe5 31. Bxe5 Rxe5 32. Rxe5 Rxe5 33. Rb1 Qc5+ 34.
Qd4 Qc7 35. Rb5 Re1+ 36. Kf2 Re4 37. Qd2 Qh2 38. Qg5 h6 39. Qxh6 Rf4+ 40. Ke3
Qg3+ 0-1

[Event "Portugal Open 2020"]
[Site "Lisboa POR"]
[Date "2020.01.26"]
[Round "3.61"]
[White "García Ortega, Manuel"]
[Black "Botelho, Luís"]
[Result "1-0"]
[WhiteElo "1705"]
[BlackElo "1987"]
[WhiteFideId "2227533"]
[BlackFideId "1904981"]
[WhiteCountry "ESP"]
[BlackCountry "POR"]
[PlyCount "87"]
[EventDate "2020.01.25"]

1. d4 g6 2. Nf3 Bg7 3. g3 Nf6 4. Bg2 O-O 5. O-O d6 6. c4 c6 7. Nc3 Qa5 8. a3 Qh5
9. h4 Bg4 10. Nh2 Be6 11. Bg5 Re8 12. Bf3 Ng4 13. e3 f5 14. Ne2 Be5 15. dxe5
dxe5 16. Bxg4 fxg4 17. e4 h6 18. Be3 g5 19. hxg5 hxg5 20. Qc1 Nd7 21. b3 Kg7 22.
Bxg5 Kg6 23. Bh4 Rh8 24. Qe3 Rh7 25. f4 Kg7 26. f5 Bf7 27. Qg5+ Qxg5 28. Bxg5
Nf6 29. Nc3 Rah8 30. Bh4 b5 31. cxb5 cxb5 32. b4 Rc8 33. Rac1 a6 34. Bxf6+ exf6
35. Nxg4 Bc4 36. Rfd1 Kh8 37. Nxf6 Rg7 38. Kf2 Rgc7 39. Ncd5 Bxd5 40. Rxc7 Rxc7
41. Rh1+ Kg7 42. Ne8+ Kf7 43. Nxc7 Bxe4 44. Re1 1-0

[Event "Portugal Open 2020"]
[Site "Lisboa POR"]
[Date "2020.01.26"]
[Round "3.62"]
[White "Asvestopoulou, Evdokia"]
[Black "Kurylski, Leonardo"]
[Result "0-1"]
[WhiteElo "1688"]
[BlackElo "1980"]
[WhiteFideId "4219198"]
[BlackFideId "1928988"]
[WhiteCountry "GRE"]
[BlackCountry "POR"]
[PlyCount "76"]
[EventDate "2020.01.25"]

1. d4 e6 2. c4 b6 3. Nf3 Bb7 4. g3 Bb4+ 5. Bd2 Bxf3 6. exf3 Bxd2+ 7. Qxd2 Qf6 8.
Bg2 Nc6 9. d5 Na5 10. Na3 Ne7 11. O-O O-O 12. f4 Rab8 13. Rac1 c6 14. dxe6 dxe6
15. Rfd1 Nb7 16. b3 Rfd8 17. Qe2 Nf5 18. Nc2 c5 19. Qe5 Qe7 20. g4 Nh4 21. Ne3
Ng6 22. Qe4 Nd6 23. Qf3 Qf6 24. f5 exf5 25. gxf5 Nh4 26. Qh3 Ndxf5 27. Nxf5 Nxf5
28. Be4 Nh6 29. Re1 Rd2 30. Qg3 Rbd8 31. Rc3 Rxf2 32. Rce3 Rfd2 33. Bd5 g6 34.
Rf3 Nf5 35. Qf4 Qd4+ 36. Kh1 Qxf4 37. Rxf4 Rxa2 38. Rg1 Kf8 0-1

[Event "Portugal Open 2020"]
[Site "Lisboa POR"]
[Date "2020.01.26"]
[Round "3.63"]
[White "Counhago, Edgar"]
[Black "Ruiz Viñals, Matias"]
[Result "0-1"]
[WhiteElo "1682"]
[BlackElo "1964"]
[WhiteFideId "1964275"]
[BlackFideId "2252295"]
[WhiteCountry "POR"]
[BlackCountry "ESP"]
[PlyCount "80"]
[EventDate "2020.01.25"]

1. d4 Nf6 2. c4 c5 3. d5 e5 4. Nc3 d6 5. e4 Be7 6. Bd3 O-O 7. Nge2 Nbd7 8. O-O
Ne8 9. f4 exf4 10. Bxf4 Bf6 11. Qd2 Ne5 12. h3 a6 13. Ng3 g6 14. Bh6 Bg7 15. Bg5
Qc7 16. Rad1 Rb8 17. b3 f6 18. Bf4 Bd7 19. Bxe5 dxe5 20. a4 Nd6 21. Rde1 Qd8 22.
Qc2 Bh6 23. Rf3 Rf7 24. Ref1 Bg5 25. Nd1 Qf8 26. Qf2 Rc8 27. Ne3 Qh6 28. Ne2 f5
29. Nc3 fxe4 30. Nxe4 Rxf3 31. Qxf3 Bxe3+ 32. Kh1 Nxe4 33. Qf7+ Kh8 34. Bxe4 Qg7
35. Qf3 Bd4 36. d6 Bc6 37. Qg4 Rf8 38. Rxf8+ Qxf8 39. Bxc6 Qf1+ 40. Kh2 Bg1+ 0-1

[Event "Portugal Open 2020"]
[Site "Lisboa POR"]
[Date "2020.01.26"]
[Round "3.64"]
[White "Roque, Armando"]
[Black "Almeida, José António"]
[Result "1/2-1/2"]
[WhiteElo "1960"]
[BlackElo "1538"]
[WhiteFideId "1939149"]
[BlackFideId "1958143"]
[WhiteCountry "POR"]
[BlackCountry "POR"]
[PlyCount "145"]
[EventDate "2020.01.25"]

1. d4 d5 2. c4 c6 3. cxd5 cxd5 4. Nc3 Nf6 5. Bf4 e6 6. e3 Bd6 7. Bb5+ Nc6 8.
Bxd6 Qxd6 9. Nf3 O-O 10. O-O Bd7 11. Rc1 Rac8 12. a3 Rc7 13. Bd3 a6 14. b4 Rfc8
15. Qd2 b5 16. Rc2 g6 17. Rfc1 e5 18. dxe5 Nxe5 19. Nxe5 Qxe5 20. h3 d4 21. exd4
Qxd4 22. Ne2 Rxc2 23. Rxc2 Rxc2 24. Qxc2 Qa1+ 25. Qc1 Qxc1+ 26. Nxc1 Kf8 27. Kf1
Be6 28. h4 Ke7 29. Ke2 Kd6 30. f3 Ke5 31. Kd2 Bd5 32. Ne2 Nd7 33. Ke3 f5 34. g3
Nb8 35. Nc3 Bb7 36. Bc2 Nc6 37. Bb3 Ne7 38. Ne2 h6 39. Nc1 g5 40. Nd3+ Kd6 41.
Nc5 Bc8 42. hxg5 hxg5 43. f4 g4 44. Kd4 Nc6+ 45. Ke3 Ne7 46. Bf7 Nc6 47. Be8 Ne7
48. Kd4 Ng8 49. Bf7 Ne7 50. Nd3 Nc6+ 51. Kc3 Be6 52. Bxe6 Kxe6 53. Nc5+ Kd5 54.
Kd2 a5 55. Nd3 axb4 56. axb4 Kc4 57. Ne5+ Nxe5 58. fxe5 Kd5 59. Kd3 Kxe5 60. Ke3
Kd5 61. Kd3 f4 62. gxf4 g3 63. Ke3 g2 64. Kf2 Ke4 65. Kxg2 Kxf4 66. Kf2 Ke4 67.
Ke2 Kd4 68. Kd2 Kc4 69. Kc2 Kxb4 70. Kb2 Kc4 71. Kc2 b4 72. Kb2 b3 73. Kb1
1/2-1/2

[Event "Portugal Open 2020"]
[Site "Lisboa POR"]
[Date "2020.01.26"]
[Round "3.65"]
[White "Sakthivel, Heamish Kanha"]
[Black "Heid, Michael"]
[Result "1-0"]
[WhiteElo "1584"]
[BlackElo "1953"]
[WhiteFideId "25644890"]
[BlackFideId "16276949"]
[WhiteTitle " "]
[WhiteCountry "IND"]
[BlackCountry "GER"]
[PlyCount "65"]
[EventDate "2020.01.25"]

1. e4 g6 2. d4 Bg7 3. Nc3 d6 4. f4 a6 5. Nf3 b5 6. Bd3 Nd7 7. e5 c5 8. Be4 Rb8
9. O-O cxd4 10. Nxd4 dxe5 11. Nc6 Qb6+ 12. Kh1 Rb7 13. fxe5 Nxe5 14. Nxe5 Bxe5
15. Qd5 Bf6 16. Qc6+ Qxc6 17. Bxc6+ Kf8 18. Bxb7 Bxb7 19. Rd1 e6 20. Rd7 Bc8 21.
Rc7 Ne7 22. Bh6+ Ke8 23. Rd1 Be5 24. Rc5 Bxc3 25. Rxc3 Bd7 26. Rcd3 Nd5 27. b3
b4 28. a3 a5 29. axb4 axb4 30. Bd2 Bb5 31. Rd4 Ke7 32. Bxb4+ Kf6 33. Rxd5 1-0

[Event "Portugal Open 2020"]
[Site "Lisboa POR"]
[Date "2020.01.26"]
[Round "3.67"]
[White "Palhas, Miguel Brando"]
[Black "Jorge, Rita"]
[Result "0-1"]
[WhiteElo "1490"]
[BlackElo "1932"]
[WhiteFideId "1961349"]
[BlackFideId "1923161"]
[BlackTitle "WFM"]
[WhiteCountry "POR"]
[BlackCountry "POR"]
[PlyCount "120"]
[EventDate "2020.01.25"]

1. e4 e5 2. Nf3 Nc6 3. Bb5 a6 4. Ba4 b5 5. Bb3 Nf6 6. d3 d6 7. h3 Na5 8. c3 Nxb3
9. axb3 Be7 10. O-O O-O 11. b4 Bb7 12. Re1 Re8 13. Qc2 Bf8 14. Bg5 g6 15. Nbd2
Bg7 16. Nb3 Qc8 17. Na5 d5 18. exd5 Nxd5 19. Nd2 f6 20. Bh4 Nf4 21. f3 Bd5 22.
Ne4 Qe6 23. Rad1 Bxe4 24. dxe4 Bf8 25. Rd2 Rad8 26. Red1 Be7 27. Bf2 Rxd2 28.
Rxd2 Rc8 29. Nb7 Qc6 30. Nc5 a5 31. Qb3+ Kg7 32. Rd7 Kf8 33. Kh2 a4 34. Qd1 Ke8
35. Rd2 Ne6 36. Nxe6 Qxe6 37. Qe2 Qa6 38. Qe3 Bf8 39. Qd3 Qc6 40. Rc2 Rd8 41.
Qe2 Qd7 42. Be3 Qd3 43. Qf2 Qc4 44. Bc1 c5 45. Qh4 Qf7 46. Qe1 cxb4 47. cxb4 Qb3
48. Qc3 Qxc3 49. bxc3 Rc8 50. Kg3 Bxb4 51. Rb2 Ba3 52. Rxb5 Bxc1 53. Ra5 a3 54.
Kf2 Rxc3 55. Ke2 Be3 56. Ra6 Kf7 57. g3 Bd4 58. h4 Rb3 59. g4 Rb2+ 60. Kd1 a2
0-1

[Event "Portugal Open 2020"]
[Site "Lisboa POR"]
[Date "2020.01.26"]
[Round "3.71"]
[White "Graf, Peter"]
[Black "Rocha, Pedro Daniel"]
[Result "1-0"]
[WhiteElo "1900"]
[BlackElo "1615"]
[WhiteFideId "12969400"]
[BlackFideId "1943278"]
[WhiteCountry "GER"]
[BlackCountry "POR"]
[PlyCount "131"]
[EventDate "2020.01.25"]

1. e4 b6 2. Nc3 Bb7 3. d3 e6 4. g3 g6 5. Bg2 Bg7 6. Nge2 Ne7 7. O-O O-O 8. f4 f5
9. e5 Bxg2 10. Kxg2 c6 11. Nd4 Na6 12. Nce2 Nc7 13. c4 Qb8 14. Nf3 Qe8 15. Rb1
Qc8 16. b3 Qa6 17. Qc2 b5 18. Rd1 b4 19. Be3 Qb7 20. Bc5 Rfe8 21. Qd2 a5 22. d4
Na6 23. Bd6 Nc8 24. Kg1 Nc7 25. Nc1 Nb6 26. Nd3 c5 27. Nxc5 Qxf3 28. Bxc7 Qc6
29. Bxb6 Qxb6 30. Nxd7 Qc7 31. Nf6+ Bxf6 32. exf6 Kf7 33. d5 exd5 34. cxd5 Kxf6
35. Qd4+ Kf7 36. Qc4 Qb6+ 37. Rd4 Re4 38. d6+ Kg7 39. Rbd1 Kh6 40. Kf1 Rxd4 41.
Qxd4 Qb5+ 42. Qc4 Qb7 43. Qd5 Qa6+ 44. Rd3 Rd8 45. d7 Qb6 46. h3 Qc7 47. Kg2 Qb6
48. g4 Qc7 49. Qd4 Qc6+ 50. Kh2 Qc2+ 51. Rd2 Qc3 52. g5+ Kh5 53. Qf2 h6 54. Qg2
Kh4 55. Rd3 Qc7 56. Qf2+ Kh5 57. Qf3+ Kh4 58. Qg3+ Kh5 59. gxh6 Kxh6 60. Qg5+
Kh7 61. Rg3 Qb6 62. Qh4+ Kg7 63. Qe7+ Kh6 64. Rg2 Qc7 65. Qg5+ Kh7 66. Qxg6+ 1-0

[Event "Portugal Open 2020"]
[Site "Lisboa POR"]
[Date "2020.01.26"]
[Round "3.72"]
[White "Oliveira, António Augusto"]
[Black "Marcos Herrero, Francisco"]
[Result "0-1"]
[WhiteElo "1568"]
[BlackElo "1861"]
[WhiteFideId "1943235"]
[BlackFideId "2279045"]
[WhiteCountry "POR"]
[BlackCountry "ESP"]
[PlyCount "86"]
[EventDate "2020.01.25"]

1. e4 c5 2. d4 cxd4 3. c3 g6 4. cxd4 d5 5. e5 Bg7 6. Nf3 f6 7. Nc3 Nh6 8. Qb3 e6
9. Bb5+ Nc6 10. Qa3 Bd7 11. exf6 Qxf6 12. Bg5 Qf8 13. Qxf8+ Rxf8 14. O-O Nf5 15.
Bxc6 Bxc6 16. Rad1 Kd7 17. Rfe1 h6 18. Bf4 Nxd4 19. Nxd4 Rxf4 20. Nxe6 Bxc3 21.
Nxf4 Bxe1 22. Rxe1 g5 23. Nd3 Rf8 24. f3 Kd6 25. h3 Bb5 26. Rd1 a5 27. Kf2 Rf7
28. Ke3 Re7+ 29. Kd2 h5 30. Rc1 h4 31. Rc8 Re8 32. Rc1 d4 33. Rc2 b6 34. Ne1
Re2+ 35. Kd1 Rxc2 36. Nxc2 Ke5 37. Ke1 Bd3 38. Kd2 Bf1 39. Ne1 Kf4 40. Nd3+ Kg3
41. Ne1 Bxg2 42. Kd3 Kxh3 43. Kxd4 Kg3 0-1

[Event "Portugal Open 2020"]
[Site "Lisboa POR"]
[Date "2020.01.26"]
[Round "3.73"]
[White "Marques, Pedro Godinho"]
[Black "Nunes, Adelino"]
[Result "1-0"]
[WhiteElo "1854"]
[BlackElo "1544"]
[WhiteFideId "1928414"]
[BlackFideId "1908111"]
[WhiteCountry "POR"]
[BlackCountry "POR"]
[PlyCount "103"]
[EventDate "2020.01.25"]

1. e4 g6 2. c4 c5 3. Nc3 Bg7 4. Nge2 d6 5. d4 cxd4 6. Nxd4 Nf6 7. Be2 O-O 8. Be3
Nc6 9. O-O a6 10. Qd2 Qc7 11. Rac1 Ng4 12. Nd5 Qd8 13. Bxg4 Bxg4 14. f3 Bd7 15.
Rfd1 Nxd4 16. Bxd4 Bxd4+ 17. Qxd4 b5 18. c5 dxc5 19. Qxc5 Re8 20. Qd4 Be6 21.
Qe3 Bxd5 22. Rxd5 Qa5 23. a3 Rac8 24. Kf2 Rxc1 25. Qxc1 Qb6+ 26. Qc5 Rb8 27. Ke3
e6 28. Qxb6 Rxb6 29. Rd8+ Kg7 30. e5 a5 31. Rd6 Rb7 32. b4 axb4 33. axb4 h5 34.
Rc6 Rd7 35. Rd6 Rb7 36. Ra6 Rd7 37. Rb6 Rd5 38. f4 g5 39. g3 Kg6 40. Rd6 gxf4+
41. gxf4 Kf5 42. Rxd5 exd5 43. Kd4 Kxf4 44. Kxd5 h4 45. Kc5 Kxe5 46. Kxb5 f5 47.
Kc5 f4 48. b5 f3 49. b6 f2 50. b7 f1=Q 51. b8=Q+ Ke6 52. Qe8+ 1-0

[Event "Portugal Open 2020"]
[Site "Lisboa POR"]
[Date "2020.01.26"]
[Round "3.74"]
[White "Burghardt, Michael"]
[Black "Gomes, Tiago Miguel"]
[Result "1/2-1/2"]
[WhiteElo "1839"]
[BlackElo "1182"]
[WhiteFideId "12961264"]
[BlackFideId "1936204"]
[WhiteCountry "GER"]
[BlackCountry "POR"]
[PlyCount "37"]
[EventDate "2020.01.25"]

1. d4 Nf6 2. Nc3 e6 3. Bf4 a6 4. e3 d5 5. Nf3 c5 6. Bxb8 Rxb8 7. Ne5 Bd6 8. f4
b5 9. Nc6 Qc7 10. Nxb8 Qxb8 11. Be2 Bd7 12. O-O b4 13. Nb1 Bb5 14. a4 bxa3 15.
Nxa3 Bxe2 16. Qxe2 cxd4 17. exd4 Bxf4 18. g3 Bd6 19. c3 1/2-1/2

[Event "Portugal Open 2020"]
[Site "Lisboa POR"]
[Date "2020.01.26"]
[Round "3.75"]
[White "Reis, Fátima"]
[Black "Trinkl, Stefan"]
[Result "1/2-1/2"]
[WhiteElo "1519"]
[BlackElo "1814"]
[WhiteFideId "10100423"]
[BlackFideId "16250281"]
[WhiteTitle "WCM"]
[WhiteCountry "ANG"]
[BlackCountry "GER"]
[PlyCount "91"]
[EventDate "2020.01.25"]

1. d4 f5 2. g3 Nf6 3. Bg2 d6 4. Nc3 g6 5. Nf3 Bg7 6. e3 O-O 7. O-O Qe8 8. Qd3 c6
9. b3 b6 10. Re1 Ba6 11. Qd2 Bh6 12. Ba3 Ne4 13. Nxe4 fxe4 14. Nh4 d5 15. Bf1 g5
16. Bxa6 Nxa6 17. Ng2 Rf3 18. Qe2 Nc7 19. c4 Qf7 20. Rac1 Ne8 21. Rf1 Qe6 22.
cxd5 cxd5 23. Qb5 Rf6 24. Rc2 Rd8 25. Rfc1 Bf8 26. Rc6 Nd6 27. Qe2 Qh3 28. Ne1
Rh6 29. f3 exf3 30. Nxf3 Qg4 31. Qg2 Rf6 32. Ne5 Qe6 33. Rf1 Bg7 34. Rxf6 Bxf6
35. Bb2 Rc8 36. Rxc8+ Nxc8 37. Qe2 Qf5 38. Nd3 Nd6 39. Qf1 Qe4 40. Qe2 Nf5 41.
Bc1 g4 42. Nf2 Qf3 43. Qxf3 gxf3 44. Nd3 Bg5 45. Kf2 Kf7 46. Kxf3 1/2-1/2

[Event "Portugal Open 2020"]
[Site "Lisboa POR"]
[Date "2020.01.26"]
[Round "3.76"]
[White "Heid, Magdalene"]
[Black "Babo, Miguel"]
[Result "0-1"]
[WhiteElo "1414"]
[BlackElo "1796"]
[WhiteFideId "16276957"]
[BlackFideId "1901567"]
[WhiteCountry "GER"]
[BlackCountry "POR"]
[PlyCount "40"]
[EventDate "2020.01.25"]

1. e4 Nc6 2. d4 e5 3. d5 Nce7 4. Nf3 Ng6 5. Bd3 Nf6 6. Bg5 Bc5 7. Bxf6 Qxf6 8.
O-O O-O 9. Nc3 d6 10. Na4 Nf4 11. Nxc5 dxc5 12. Ne1 Qg6 13. Qf3 Bg4 14. Qe3 f5
15. exf5 Bxf5 16. Bxf5 Rxf5 17. Qe4 Nh3+ 18. Kh1 Nxf2+ 19. Rxf2 Rxf2 20. Qxg6
Rf1# 0-1

[Event "Portugal Open 2020"]
[Site "Lisboa POR"]
[Date "2020.01.26"]
[Round "3.77"]
[White "Martins, Domingos"]
[Black "Fanha, Paulo"]
[Result "0-1"]
[WhiteElo "1332"]
[BlackElo "1766"]
[WhiteFideId "1947389"]
[BlackFideId "1902148"]
[BlackTitle "CM"]
[WhiteCountry "POR"]
[BlackCountry "POR"]
[PlyCount "94"]
[EventDate "2020.01.25"]

1. d4 Nf6 2. Nc3 d5 3. Bf4 c6 4. e3 Bf5 5. f3 e6 6. g4 Bg6 7. h4 h6 8. h5 Bh7 9.
Bd3 Bxd3 10. Qxd3 Na6 11. O-O-O Qa5 12. a3 Rc8 13. g5 hxg5 14. Bxg5 Rxh5 15.
Rxh5 Nxh5 16. Nge2 g6 17. e4 Bxa3 18. bxa3 Qxa3+ 19. Kd2 Nb4 20. Qe3 Qa5 21. Bh4
c5 22. e5 cxd4 23. Nxd4 Na2 24. Ra1 Qxc3+ 25. Qxc3 Nxc3 26. Rxa7 b5 27. Rb7 Rc4
28. Bf2 g5 29. Be3 Nf4 30. Nxb5 Nxb5 31. Rxb5 d4 32. Bf2 Kf8 33. Rb1 Kg7 34. Rg1
Kh6 35. Rh1+ Kg6 36. Bg3 Kf5 37. Rh7 Rc7 38. Rh6 Kxe5 39. Bxf4+ Kxf4 40. Kd3 Ke5
41. Rh1 Rc3+ 42. Kd2 Rxf3 43. Re1+ Re3 44. Rg1 Kf4 45. Rf1+ Rf3 46. Rxf3+ Kxf3
47. Kd3 e5 0-1

[Event "Portugal Open 2020"]
[Site "Lisboa POR"]
[Date "2020.01.26"]
[Round "3.79"]
[White "Garcia Salvador, Carlos"]
[Black "Cavadas, José"]
[Result "1-0"]
[WhiteElo "1650"]
[BlackElo "1529"]
[WhiteFideId "54555310"]
[BlackFideId "1904990"]
[WhiteCountry "ESP"]
[BlackCountry "POR"]
[PlyCount "77"]
[EventDate "2020.01.25"]

1. e4 c5 2. Nf3 d6 3. d4 cxd4 4. Nxd4 a6 5. c4 Nf6 6. Nc3 e6 7. Be3 Qc7 8. Be2
Bd7 9. O-O Be7 10. Qd2 Nc6 11. f4 e5 12. Nb3 exf4 13. Rxf4 Ne5 14. Rxf6 Bxf6 15.
Nd5 Qb8 16. Nb6 Be7 17. c5 dxc5 18. Bf4 c4 19. Bxe5 Qxe5 20. Qxd7+ Kf8 21. Nxa8
g6 22. Bxc4 Kg7 23. Rf1 Rf8 24. Qd5 Qxb2 25. Rxf7+ Rxf7 26. Qxf7+ Kh6 27. Qxe7
Qb1+ 28. Bf1 Qxa2 29. Qf8+ Kg5 30. g3 Kh5 31. Qf4 g5 32. g4+ Kg6 33. Qf5+ Kg7
34. Qxg5+ Kf8 35. Qf6+ Ke8 36. Nc5 Qa5 37. Qe6+ Kf8 38. Nd7+ Kg7 39. Qf6+ 1-0

[Event "Portugal Open 2020"]
[Site "Lisboa POR"]
[Date "2020.01.26"]
[Round "3.80"]
[White "Porteman, Eric"]
[Black "Correia, Mário Lino"]
[Result "1-0"]
[WhiteElo "1847"]
[BlackElo "1453"]
[WhiteFideId "204099"]
[BlackFideId "1967517"]
[WhiteCountry "BEL"]
[BlackCountry "POR"]
[PlyCount "55"]
[EventDate "2020.01.25"]

1. c4 Nf6 2. Nc3 Nc6 3. g3 b6 4. Bg2 Bb7 5. e4 e6 6. Nge2 Bd6 7. d4 e5 8. O-O
O-O 9. Nb5 Ba6 10. Nxd6 cxd6 11. b3 b5 12. Ba3 b4 13. Bb2 Bb7 14. d5 Ne7 15. f4
Qb6+ 16. Kh1 Rae8 17. Ng1 Ng4 18. Qxg4 g6 19. fxe5 Bc8 20. exd6 Qxd6 21. e5 Qb8
22. Qg5 Qb6 23. Rf6 Qc5 24. Raf1 Bb7 25. e6 dxe6 26. Rxf7 Rxf7 27. Rxf7 Kxf7 28.
Qf6+ 1-0